000 nam a22 7a 4500
999 _c27837
_d27836
003 OSt
005 20170518104737.0
008 170512b xxu||||| |||| 00| 0 eng d
040 _aMMU
_beng
_cMMU
_dMMU
050 _aDS 701
_b.C47 2005
245 _aThe China Quarterly :
_bAn international journal for study of China /
260 _aUK:
_bCambridge University Press,
_c2005.
300 _a249p. :
440 _nNumber 181
650 _achina journal
710 _aSchool of Oriental and African Studies
942 _2lcc
_cSPECIAL